000 00655nam a2200181 a 4500
005 20140412111249.0
008 020515s19uu xx 00 eng d
020 _a0-09-923681-8
050 _aER
_bDi61 1992
100 _aThreadgall, Colin
245 _aDinosaur fright /
_cby Colin Threadgall.
260 _aLondon :
_bRed Fox,
_c1992.
300 _a1 v. (unp.) ; ill.
520 _a'a dinosaur stoyr which also provides some simple information such as names, relative size and accurate drawings...a useful introduction to a popular subject'
650 _aDinosaurs
_xJuvenile literature
650 _aAnimals
_xJuvenile literature
999 _c103071
_d103071